00538nam a2200121Ia 4500008004100000100002300041245010200064245008100166260004700247260000900294650002200303856009100325160809s9999 xx 000 0 und d aSteeley, Sherry L. aCULTURAL AND LINGUISTIC DIVERSITY AND SPECIAL EDUCATION: A CASE STUDY OF ONE MOTHER'S EXPERIENCES cSherry L. Steeley Georgetown University Karrin Lukacs Shenandoah University. bInternational Journal of Special Education c2015 xSPECIAL EDUCATION uhttp://www.internationaljournalofspecialed.com/docs/IJSE%20ENTIRE%20ISSUE%2030%202.pdf